Marine insurance volume 2 : cargo practice (Record no. 11671)

000 -LEADER
fixed length control field 00579nam a22001937a 4500
008 - FIXED-LENGTH DATA ELEMENTS--GENERAL INFORMATION
fixed length control field 201021b 1975 ||||| |||| 00| 0 eng d
020 ## - INTERNATIONAL STANDARD BOOK NUMBER
International Standard Book Number 0900886129
082 ## - DEWEY DECIMAL CLASSIFICATION NUMBER
Classification number 368.22
Item number BRO
100 ## - MAIN ENTRY--PERSONAL NAME
Personal name Brown, Robert H.
245 ## - TITLE STATEMENT
Title Marine insurance volume 2 : cargo practice
250 ## - EDITION STATEMENT
Edition statement 2nd
260 ## - PUBLICATION, DISTRIBUTION, ETC. (IMPRINT)
Place of publication, distribution, etc London
Name of publisher, distributor, etc Witherby & Co. Ltd
Date of publication, distribution, etc 1975
300 ## - PHYSICAL DESCRIPTION
Extent viii,296p.: ill.
504 ## - BIBLIOGRAPHY, ETC. NOTE
Bibliography, etc "Includes Appendix and index".
650 ## - SUBJECT ADDED ENTRY--TOPICAL TERM
Topical term or geographic name as entry element Facultative Insurance - Placing the risk
650 ## - SUBJECT ADDED ENTRY--TOPICAL TERM
Topical term or geographic name as entry element Open cover insurance
650 ## - SUBJECT ADDED ENTRY--TOPICAL TERM
Topical term or geographic name as entry element War risk insurance and strikes etc. Risks
942 ## - ADDED ENTRY ELEMENTS (KOHA)
Item type Books
Holdings
Withdrawn status Lost status Source of classification or shelving scheme Damaged status Not for loan Collection code Permanent location Current location Shelving location Date acquired Full call number Barcode Date last seen Koha item type Public note
          Non-fiction IMU-MPC Library IMU-MPC Library General Stacks 2020-10-21 368.22 BRO LBS6105 2025-03-17 Books Column - 1
Copyright © 2021 Indian Maritime University, Mumbai Port Campus. All Rights Reserved. Managed & Maintained by Central Library, IMU-Mumbai

webs counters

Powered by Koha